<?xml version="1.0" encoding="UTF-8"?><?xml-stylesheet type="text/xsl" href="static/style.xsl"?><OAI-PMH xmlns="http://www.openarchives.org/OAI/2.0/" xmlns:xsi="http://www.w3.org/2001/XMLSchema-instance" xsi:schemaLocation="http://www.openarchives.org/OAI/2.0/ http://www.openarchives.org/OAI/2.0/OAI-PMH.xsd"><responseDate>2026-04-27T19:47:26Z</responseDate><request verb="GetRecord" identifier="oai:uvadoc.uva.es:10324/11151" metadataPrefix="marc">https://uvadoc.uva.es/oai/request</request><GetRecord><record><header><identifier>oai:uvadoc.uva.es:10324/11151</identifier><datestamp>2021-06-18T10:32:11Z</datestamp><setSpec>com_10324_38</setSpec><setSpec>col_10324_787</setSpec></header><metadata><record xmlns="http://www.loc.gov/MARC21/slim" xmlns:doc="http://www.lyncode.com/xoai" xmlns:xsi="http://www.w3.org/2001/XMLSchema-instance" xmlns:dcterms="http://purl.org/dc/terms/" xsi:schemaLocation="http://www.loc.gov/MARC21/slim http://www.loc.gov/standards/marcxml/schema/MARC21slim.xsd">
<leader>00925njm 22002777a 4500</leader>
<datafield tag="042" ind1=" " ind2=" ">
<subfield code="a">dc</subfield>
</datafield>
<datafield tag="720" ind1=" " ind2=" ">
<subfield code="a">Umerez Olabarria, Harriet</subfield>
<subfield code="e">author</subfield>
</datafield>
<datafield tag="260" ind1=" " ind2=" ">
<subfield code="c">2015</subfield>
</datafield>
<datafield tag="520" ind1=" " ind2=" ">
<subfield code="a">El objetivo principal es desarrollar técnicas de tratamientos con productos naturales para mejorar la estabilidad y durabilidad de maderas como Pinus pinaster Ait. y de especies poco durables como es el caso del género Populus.&#xd;
Otros objetivos que se pretenden alcanzar en este trabajo son los siguientes:&#xd;
- Describir el estado del arte de los tratamientos de Oleotermia (OHT) para la madera.&#xd;
- Ensayar tratamientos por Oleotermia controlando variables como la duración y temperatura.&#xd;
- Analizar propiedades físicas como la densidad, contracciones, la estabilidad dimensional, etc. de las muestras tratadas con los tratamientos planteados.&#xd;
- Comparar los resultados de los tratamientos de Oleotermia planteados</subfield>
</datafield>
<datafield tag="024" ind2=" " ind1="8">
<subfield code="a">http://uvadoc.uva.es/handle/10324/11151</subfield>
</datafield>
<datafield ind1=" " ind2=" " tag="653">
<subfield code="a">Madera-Ensayos</subfield>
</datafield>
<datafield tag="245" ind1="0" ind2="0">
<subfield code="a">Análisis de propiedades físicas de la madera de Populus x euramericana y Pinus pinaster tras tratamientos de oleotermia</subfield>
</datafield>
</record></metadata></record></GetRecord></OAI-PMH>